000 00365nam a2200133Ia 4500
008 220216s9999 xx 000 0 und d
100 _aTrumbull Harlan
245 3 _aAn Early publication on accelerators (1963 reviews)
260 _bRubber Chemistry and Technology
_c1963
300 _axxix-xlii
650 _a1963 reviews
650 _aAccelerators
942 _cJS
999 _c54112
_d54112